Central Library OPAC University of Rajshahi

Audio and video Systems (Record no. 38771)

MARC details
000 -LEADER
fixed length control field 00714nam a2200241 4500
001 - CONTROL NUMBER
control field 38771
003 - CONTROL NUMBER IDENTIFIER
rucl marc code (BD-RjUL)
005 - DATE AND TIME OF LATEST TRANSACTION
control field 20211209052846.0
008 - FIXED-LENGTH DATA ELEMENTS--GENERAL INFORMATION
fixed length control field 931215s1994 ne a b 100 0 eng
020 ## - INTERNATIONAL STANDARD BOOK NUMBER
International Standard Book Number 0074621408
035 ## - SYSTEM CONTROL NUMBER
System control number (BD-RjUL)
040 ## - CATALOGING SOURCE
Original cataloging agency DLC
Transcribing agency (BD-RjUL)
Modifying agency MYG
100 ## - MAIN ENTRY--PERSONAL NAME
Personal name Gupta, R G
9 (RLIN) 119605
245 10 - TITLE STATEMENT
Title Audio and video Systems
Remainder of title Principles & Troubleshooting
Statement of responsibility, etc. R G Gupta
260 ## - PUBLICATION, DISTRIBUTION, ETC. (IMPRINT)
Place of publication, distribution, etc. New Delhi ;
Name of publisher, distributor, etc. Tata McGraw Hill Com .,
Date of publication, distribution, etc. c1995
300 ## - PHYSICAL DESCRIPTION
Pagination xii, 334 p. :
Illustrations ill. ;
Size 22 cm.
500 ## - GENERAL NOTE
General note Includes Index.
650 #0 - SUBJECT ADDED ENTRY--TOPICAL TERM
Topical term or geographic name as entry element Digital television
9 (RLIN) 119606
Topical term or geographic name as entry element Digital audio broadcasting
9 (RLIN) 119607
Topical term or geographic name as entry element Digital communications
9 (RLIN) 117150
942 ## - ADDED ENTRY ELEMENTS (KOHA)
Source of classification or shelving scheme Dewey Decimal Classification
Koha item type Books
Holdings
Lost status Source of classification or shelving scheme Damaged status Not for loan Permanent Location Current Location Shelving location Date acquired Total Checkouts Full call number Date last seen Copy number Koha item type
  Dewey Decimal Classification   Not For Loan Department of Information and Communication Engineering (ICE) Library Department of Information and Communication Engineering (ICE) Library Seminar Library 24/02/2016   621.38807 GUA 1995 24/02/2016 C-1 Books